00427 2200157 4500001002100000005001500021035002000036245007000056100001700126300002600143260004400169082000800213084001400221020002200235990001200257INLIS00000000000256020250605105113 a0010-06250001461 aMenjadi Guru Merdeka Yang Membawa Perubahan Besar /cJoko Wahyono0 aJoko Wahyono a129 hlm ;c15 x 23 cm aJakarta :bEsensi Erlangga Group,c2022 a000 a000 JOK m a978-623-7478-52-2 a0754880